000 01231nam a2200337 i 4500
003 EG-GICUC
005 20260221095342.0
008 260114s2010 ua |||fr|||| 00| 0 ara d
017 _a23580
020 _a9789773862802
040 _a EG-GICUC
_bara
_c EG-GICUC
_d EG-GICUC
_erda
041 0 _aAra
082 0 4 _221
_a343.83
_bس ه . ب
092 0 4 _221
099 _aLaw1 10 343.83 س ه . ب 2010
100 0 _aسه ركول مصطفى أحمد
_eمؤلف.
245 1 2 _aالبصمة الوراثية وحجيتها فى إثبات النسب :
_bدراسة تحليلية مقارنة /
_cتأليف سه ركول مصطفى أحمد.
264 1 _a[مكان النشر غير محدد] :
_bدار الكتب القانونية،
_c2010.
264 3 _bمطابع شتات
300 _a267 صفحة؛
_c24 سم.
336 _2rda content
_atext
337 _2rda media
_aComputer
338 _2rda carrier
_aOnline Resource
546 _aالنص باللغة العربية
650 1 _aالطب الشرعى
_2qrmak
650 1 _aالقانون الجنائى
_2qrmak
651 1 _2qrmak
856 4 0 _uhttps://fll.law.cu.edu.eg/fulltext/bks/B10-07441.pdf
905 _a54
_eYara
942 _2ddc
_cBK
_e21
_n0
999 _c56973
_d56973